<?xml version="1.0" encoding="UTF-8"?>
<marc:record xmlns:marc="http://www.loc.gov/MARC21/slim" type="Bibliographic">
   <marc:leader>00000pam a2200000 cc4500</marc:leader>
   <marc:controlfield tag="001">971960348</marc:controlfield>
   <marc:controlfield tag="003">DE-101</marc:controlfield>
   <marc:controlfield tag="005">20171203164625.0</marc:controlfield>
   <marc:controlfield tag="007">co||||||||||||</marc:controlfield>
   <marc:controlfield tag="008">040805s2004    gw |||||q|||| 00||||ger  </marc:controlfield>
   <marc:datafield ind1=" " ind2=" " tag="015">
      <marc:subfield code="a">05,A01,1616</marc:subfield>
      <marc:subfield code="z">04,N36,0650</marc:subfield>
      <marc:subfield code="2">dnb</marc:subfield>
   </marc:datafield>
   <marc:datafield ind1="7" ind2=" " tag="016">
      <marc:subfield code="2">DE-101</marc:subfield>
      <marc:subfield code="a">971960348</marc:subfield>
   </marc:datafield>
   <marc:datafield ind1=" " ind2=" " tag="020">
      <marc:subfield code="a">9783795760984</marc:subfield>
      <marc:subfield code="c">: EUR 44.95, sfr 82.00 (freier Pr.)</marc:subfield>
      <marc:subfield code="9">978-3-7957-6098-4</marc:subfield>
   </marc:datafield>
   <marc:datafield ind1=" " ind2=" " tag="020">
      <marc:subfield code="a">3795760984</marc:subfield>
      <marc:subfield code="c">: EUR 44.95, sfr 82.00 (freier Pr.)</marc:subfield>
      <marc:subfield code="9">3-7957-6098-4</marc:subfield>
   </marc:datafield>
   <marc:datafield ind1="3" ind2=" " tag="024">
      <marc:subfield code="a">9783795760984</marc:subfield>
   </marc:datafield>
   <marc:datafield ind1="5" ind2="2" tag="028">
      <marc:subfield code="a">SMS 118</marc:subfield>
   </marc:datafield>
   <marc:datafield ind1=" " ind2=" " tag="035">
      <marc:subfield code="a">(DE-599)DNB971960348</marc:subfield>
   </marc:datafield>
   <marc:datafield ind1=" " ind2=" " tag="035">
      <marc:subfield code="a">(OCoLC)723120427</marc:subfield>
   </marc:datafield>
   <marc:datafield ind1=" " ind2=" " tag="040">
      <marc:subfield code="a">1245</marc:subfield>
      <marc:subfield code="b">ger</marc:subfield>
      <marc:subfield code="c">DE-101</marc:subfield>
      <marc:subfield code="d">9999</marc:subfield>
   </marc:datafield>
   <marc:datafield ind1=" " ind2=" " tag="041">
      <marc:subfield code="a">ger</marc:subfield>
   </marc:datafield>
   <marc:datafield ind1=" " ind2=" " tag="044">
      <marc:subfield code="c">XA-DE-RP</marc:subfield>
   </marc:datafield>
   <marc:datafield ind1="7" ind2="4" tag="082">
      <marc:subfield code="a">780</marc:subfield>
      <marc:subfield code="q">DE-101</marc:subfield>
      <marc:subfield code="2">22sdnb</marc:subfield>
   </marc:datafield>
   <marc:datafield ind1="0" ind2="0" tag="245">
      <marc:subfield code="a">Flamenco Guitar</marc:subfield>
      <marc:subfield code="n">Vol. 2.</marc:subfield>
      <marc:subfield code="c">Gerhard Graf-Martinez</marc:subfield>
   </marc:datafield>
   <marc:datafield ind1="3" ind2="1" tag="264">
      <marc:subfield code="a">Mainz</marc:subfield>
      <marc:subfield code="b">Schott</marc:subfield>
      <marc:subfield code="c">2004</marc:subfield>
   </marc:datafield>
   <marc:datafield ind1=" " ind2=" " tag="300">
      <marc:subfield code="a">1 DVD</marc:subfield>
      <marc:subfield code="c">12 cm, in Behältnis 19 x 14 x 2 cm, 117 gr.</marc:subfield>
      <marc:subfield code="e">Beil. ([4] S. : Ill.)</marc:subfield>
   </marc:datafield>
   <marc:datafield ind1=" " ind2=" " tag="336">
      <marc:subfield code="a">Text</marc:subfield>
      <marc:subfield code="b">txt</marc:subfield>
      <marc:subfield code="2">rdacontent</marc:subfield>
   </marc:datafield>
   <marc:datafield ind1=" " ind2=" " tag="337">
      <marc:subfield code="a">Computermedien</marc:subfield>
      <marc:subfield code="b">c</marc:subfield>
      <marc:subfield code="2">rdamedia</marc:subfield>
   </marc:datafield>
   <marc:datafield ind1=" " ind2=" " tag="338">
      <marc:subfield code="a">Computerdisk</marc:subfield>
      <marc:subfield code="b">cd</marc:subfield>
      <marc:subfield code="2">rdacarrier</marc:subfield>
   </marc:datafield>
   <marc:datafield ind1=" " ind2=" " tag="520">
      <marc:subfield code="a">Diese DVD entführt Sie in die leidenschaftliche Welt des Flamenco und lässt Sie schnell in dieses musikalische Phänomen Spaniens eintauchen. Gerhard Graf-Martinez ist Flamenco-Gitarrist und Lehrer aus Leidenschaft. Sein umfangreiches Insiderwissen - gewachsen aus der intensiven und freundschaftlichen Zusammenarbeit mit "gitanos" und "maestros" - ist in diesem zweibändigen Werk ebenso festgehalten, wie die wertvollen Erfahrungen aus seiner langjährigen Lehrtätigkeit bei nationalen und internationalen Seminaren und Workshops. Diese klar strukturierte und eingängige DVD in zwei Teilen zum Unterricht und Selbststudium zeigt jedem Gitarristen einen sicheren Weg in die faszinierende Welt des Flamenco. - Flamenco Gitarrenschule auf DVD - Alle Videos in langsamer und normaler Version - Erklärung und Demonstration aller Techniken Weitere Informationen finden Sie unter www.graf-martinez.info/flamenco-guitar-dvd.html. Lektion 6: - Arpegio - Quejío II (Taranto) - Mantón IV (Soleá) - Mantón V (Soleá) - Mantón VI (Soleá) - Rumbita II (Rumba) - Tremolo Übung I - Tremolo Übung II - Quejío III (Taranto) - Lektion 7: - Picado - Lérida (Garrotin) - Lektion 8: - Compás Übung I (Bulerías) - Compás Übung II (Bulerías) - Compás Übung III (Bulerías) - Compás Übung IV (Bulerías) - Bulerías-Compás I - Bulerías-Compás II - Bulerías-Compás III - Bulerías-Compás IV - Bulerías-Compás V - Bulerías-Compás VI - Bulerías-Compás VII - Bulerías-Compás VIII - Bulerías-Compás IX - Bulerías-Compás X - Bulerías-Compás XI - Bulerías-Compás XII - Bulerías-Compás XIII - Bulerías-Compás XIV - Bulerías-Compás XV - Bulerías-Compás XVI - Bulerías-Compás XVII - Bulerías-Compás XVIII - Columpio I (Bulerías) - Columpio II (Bulerías) - Columpio III (Bulerías) - Lektion 9: - Alzapúa I (Übung) - Alzapúa II (Übung) - Alzapúa III (Übung) - Alzapúa IV (Bulerías) - Alzapúa V (Bulerías) - Alzapúa VI (Bulerías) - Lektion 10: - Mantón VIII (Soleá) - Mantón IX (Soleá) - Mantón X (Soleá) - Mantón XI (Soleá) - Alegría en Mi I (Compás Übung) - Alegría en Mi II (Compás Übung) - Alegría en Mi III (Intro) - Alegría en Mi IV (Escobilla) - Alegría en Mi V (Puente) - Caí II (Alegría en Do) - Caí III (Alegría en Do) - Caí IV (Alegría en Do) - Caí V (Alegría en Do) - Columpio IV (Bulerías Intro) - Columpio V (Bulerías) - Quejío IV (Taranto) - Naino VI (Tangos) - Naino VII (Tangos) - Naino VIII (Tangos)</marc:subfield>
   </marc:datafield>
   <marc:datafield ind1=" " ind2=" " tag="653">
      <marc:subfield code="a">(VLB-FS)Flamenco</marc:subfield>
   </marc:datafield>
   <marc:datafield ind1=" " ind2=" " tag="653">
      <marc:subfield code="a">(VLB-FS)Gitarre</marc:subfield>
   </marc:datafield>
   <marc:datafield ind1=" " ind2=" " tag="653">
      <marc:subfield code="a">(VLB-FS)Flamenco-Gitarre</marc:subfield>
   </marc:datafield>
   <marc:datafield ind1=" " ind2=" " tag="653">
      <marc:subfield code="a">(VLB-FS)Gitarrenschule</marc:subfield>
   </marc:datafield>
   <marc:datafield ind1=" " ind2=" " tag="653">
      <marc:subfield code="a">(VLB-PF)DD: DVD-Box</marc:subfield>
   </marc:datafield>
   <marc:datafield ind1=" " ind2=" " tag="653">
      <marc:subfield code="a">(VLB-PG)TK600: DVD</marc:subfield>
   </marc:datafield>
   <marc:datafield ind1=" " ind2=" " tag="653">
      <marc:subfield code="a">(VLB-WI)4: Video, DVD-Video</marc:subfield>
   </marc:datafield>
   <marc:datafield ind1=" " ind2=" " tag="653">
      <marc:subfield code="a">(VLB-WG)595: Musik / Instrumentenunterricht</marc:subfield>
   </marc:datafield>
   <marc:datafield ind1=" " ind2="7" tag="655">
      <marc:subfield code="0">(DE-588)4585131-1</marc:subfield>
      <marc:subfield code="0">http://d-nb.info/gnd/4585131-1</marc:subfield>
      <marc:subfield code="0">(DE-101)958745404</marc:subfield>
      <marc:subfield code="a">DVD-ROM</marc:subfield>
      <marc:subfield code="2">gnd-carrier</marc:subfield>
   </marc:datafield>
   <marc:datafield ind1="0" ind2="8" tag="773">
      <marc:subfield code="q">12</marc:subfield>
      <marc:subfield code="w">(DE-101)972701834</marc:subfield>
   </marc:datafield>
   <marc:datafield ind1=" " ind2=" " tag="850">
      <marc:subfield code="a">DE-101a</marc:subfield>
      <marc:subfield code="a">DE-101b</marc:subfield>
   </marc:datafield>
   <marc:datafield ind1="r" ind2=" " tag="925">
      <marc:subfield code="a">ra</marc:subfield>
   </marc:datafield>
</marc:record>
